[Event "19. Obert Int. Sant Marti 2017"]
[Site "Barcelona ESP"]
[Date "2017.07.17"]
[Round "5.30"]
[White "Kyrkjebo, Marte B."]
[Black "Ryan, Joseph"]
[Result "0-1"]
[WhiteElo "1833"]
[BlackElo "2284"]
[PlyCount "68"]
[EventDate "2017.07.13"]
[EventType "swiss"]
[EventRounds "9"]
[EventCountry "ESP"]
[SourceTitle "Ajedrez en Madrid"]
[Source "lmi"]
[SourceDate "2017.07.13"]
[SourceVersion "1"]
[SourceVersionDate "2019.06.21"]
[SourceQuality "1"]

1. e4 c6 2. d4 d5 3. e5 Bf5 4. Nf3 e6 5. Be2 Bg6 6. O-O Ne7 7. Nbd2 c5 8. dxc5
Nec6 9. Nb3 Nd7 10. Bf4 Nxc5 11. Nxc5 Bxc5 12. Re1 Qb6 13. Bg3 O-O 14. Qc1 Nb4
15. Bd1 Rac8 16. a3 Nc6 17. Nh4 Be4 18. Bf3 Bxf3 19. Nxf3 Be7 20. Qd2 Na5 21.
Rab1 Nc4 22. Qe2 Rc7 23. c3 Rfc8 24. Nd4 Bc5 25. Red1 Bxd4 26. cxd4 Na5 27. h3
Rc2 28. Rd2 Rxd2 29. Qxd2 Nb3 30. Qd3 Nxd4 31. Rd1 Nf5 32. Bf4 Rc4 33. g3 Qc6
34. Kg2 h6 0-1

[Event "19. Obert Int. Sant Marti 2017"]
[Site "Barcelona ESP"]
[Date "2017.07.17"]
[Round "5.31"]
[White "Neffe, Axel"]
[Black "Chakravarthy, Y V K."]
[Result "1-0"]
[WhiteElo "2257"]
[BlackElo "2006"]
[PlyCount "129"]
[EventDate "2017.07.13"]
[EventType "swiss"]
[EventRounds "9"]
[EventCountry "ESP"]
[SourceTitle "Ajedrez en Madrid"]
[Source "lmi"]
[SourceDate "2017.07.13"]
[SourceVersion "1"]
[SourceVersionDate "2019.06.21"]
[SourceQuality "1"]

1. e4 e5 2. Nf3 Nc6 3. Bb5 a6 4. Ba4 Nf6 5. O-O Be7 6. Re1 b5 7. Bb3 d6 8. c3
O-O 9. h3 Nb8 10. d4 Nbd7 11. Nbd2 Bb7 12. Bc2 Re8 13. Nf1 Bf8 14. Ng3 g6 15.
a4 c5 16. d5 c4 17. Bg5 h6 18. Be3 Nc5 19. Ra3 Nfd7 20. Qd2 Kh7 21. Nh2 Nb6 22.
Ng4 Bc8 23. Nxh6 Bxh6 24. Bxh6 Nbxa4 25. Ra2 Ra7 26. Be3 Rb7 27. f4 f6 28. fxe5
fxe5 29. Bg5 Qb6 30. Qf2 Nd3 31. Qxb6 Rxb6 32. Bxd3 cxd3 33. Rd1 a5 34. Rxd3
Nc5 35. Be3 Nxd3 36. Bxb6 a4 37. Bc7 Rf8 38. Bxd6 Rf2 39. c4 Rxb2 40. Rxb2 Nxb2
41. cxb5 Nc4 42. Bb4 Bd7 43. Nf1 Bxb5 44. Bc3 Kg7 45. Kf2 Kf6 46. Ne3 Nxe3 47.
Kxe3 Bf1 48. Kf3 a3 49. h4 Bd3 50. g4 g5 51. hxg5+ Kxg5 52. Bxe5 Bc2 53. Bf4+
Kh4 54. Bc1 a2 55. Bb2 Kg5 56. e5 Bd1+ 57. Ke4 Bc2+ 58. Kd4 Kxg4 59. Kc5 Kf5
60. e6 Ba4 61. Kd6 Bb3 62. e7 Ba4 63. Kc7 Bb5 64. Kd8 Ke4 65. d6 1-0

[Event "19. Obert Int. Sant Marti 2017"]
[Site "Barcelona ESP"]
[Date "2017.07.17"]
[Round "5.32"]
[White "Lacasta Palacio, Joaquim"]
[Black "Rizouk, Aimen"]
[Result "0-1"]
[WhiteElo "2092"]
[BlackElo "2472"]
[PlyCount "58"]
[EventDate "2017.07.13"]
[EventType "swiss"]
[EventRounds "9"]
[EventCountry "ESP"]
[SourceTitle "Ajedrez en Madrid"]
[Source "lmi"]
[SourceDate "2017.07.13"]
[SourceVersion "1"]
[SourceVersionDate "2019.06.21"]
[SourceQuality "1"]

1. Nf3 Nf6 2. g3 d5 3. Bg2 c6 4. b3 Bg4 5. Bb2 Nbd7 6. O-O e6 7. c4 Bd6 8. d4
O-O 9. Nbd2 Re8 10. Ne5 Bf5 11. Ndf3 h6 12. c5 Bxe5 13. Nxe5 Nxe5 14. dxe5 Nd7
15. b4 b6 16. Qd4 Rb8 17. Rfc1 bxc5 18. bxc5 f6 19. exf6 e5 20. f7+ Kxf7 21.
Qd2 Nf6 22. f3 Qe7 23. Ba3 Kg8 24. g4 Bh7 25. g5 hxg5 26. Qxg5 e4 27. f4 e3 28.
f5 Qe5 29. Rf1 Qc3 0-1

[Event "19. Obert Int. Sant Marti 2017"]
[Site "Barcelona ESP"]
[Date "2017.07.17"]
[Round "5.33"]
[White "Rios Parra, Alejandro"]
[Black "Kyrkjebo, Erlend"]
[Result "0-1"]
[WhiteElo "2342"]
[BlackElo "2085"]
[PlyCount "66"]
[EventDate "2017.07.13"]
[EventType "swiss"]
[EventRounds "9"]
[EventCountry "ESP"]
[SourceTitle "Ajedrez en Madrid"]
[Source "lmi"]
[SourceDate "2017.07.13"]
[SourceVersion "1"]
[SourceVersionDate "2019.06.21"]
[SourceQuality "1"]

1. e4 c5 2. Nf3 d6 3. d4 cxd4 4. Nxd4 Nf6 5. Nc3 g6 6. Be3 Bg7 7. f3 O-O 8. Qd2
Nc6 9. O-O-O d5 10. exd5 Nxd5 11. Nxc6 bxc6 12. Nxd5 cxd5 13. Qxd5 Qc7 14. Qc5
Qb7 15. Qa3 Bf5 16. Bd3 Rab8 17. b3 Qc6 18. Bxf5 Qc3 19. Qc5 Qb2+ 20. Kd2 gxf5
21. Rc1 Rbc8 22. Qxf5 e6 23. Qg5 Rfd8+ 24. Ke1 Rd5 25. Qf4 Rf5 26. Qh4 Re5 27.
Kf2 Rxc2+ 28. Kg3 Rxg2+ 29. Kh3 Rxe3 30. Rc8+ Bf8 31. Rxf8+ Kxf8 32. Qh6+ Qg7
33. Qxe3 Rg5 0-1

[Event "19. Obert Int. Sant Marti 2017"]
[Site "Barcelona ESP"]
[Date "2017.07.17"]
[Round "5.34"]
[White "Sanchez Lopez, Juan Manuel"]
[Black "Chernyak, Viktoria"]
[Result "1/2-1/2"]
[WhiteElo "2088"]
[BlackElo "2251"]
[PlyCount "37"]
[EventDate "2017.07.13"]
[EventType "swiss"]
[EventRounds "9"]
[EventCountry "ESP"]
[SourceTitle "Ajedrez en Madrid"]
[Source "lmi"]
[SourceDate "2017.07.13"]
[SourceVersion "1"]
[SourceVersionDate "2019.06.21"]
[SourceQuality "1"]

1. c4 e5 2. g3 Nf6 3. Bg2 h6 4. d3 Bc5 5. Nc3 O-O 6. e3 Re8 7. Nge2 Nc6 8. O-O
a6 9. a3 d6 10. b4 Ba7 11. Bb2 Bf5 12. d4 exd4 13. Nxd4 Bg4 14. Nxc6 bxc6 15.
Qa4 Nd7 16. Qxc6 Rb8 17. Nd5 Bb6 18. Nxb6 Nxb6 19. Rac1 1/2-1/2

[Event "19. Obert Int. Sant Marti 2017"]
[Site "Barcelona ESP"]
[Date "2017.07.17"]
[Round "5.35"]
[White "Ventura Bolet, Alexandre"]
[Black "Deshmukh, Anup"]
[Result "0-1"]
[WhiteElo "2080"]
[BlackElo "2241"]
[PlyCount "80"]
[EventDate "2017.07.13"]
[EventType "swiss"]
[EventRounds "9"]
[EventCountry "ESP"]
[SourceTitle "Ajedrez en Madrid"]
[Source "lmi"]
[SourceDate "2017.07.13"]
[SourceVersion "1"]
[SourceVersionDate "2019.06.21"]
[SourceQuality "1"]

1. Nf3 d5 2. c4 e6 3. g3 Nf6 4. Bg2 c6 5. b3 Nbd7 6. O-O Be7 7. Bb2 O-O 8. d3
a5 9. a3 Qb6 10. Nbd2 a4 11. b4 c5 12. Qc2 d4 13. Rfb1 Qa7 14. e3 dxe3 15. fxe3
cxb4 16. axb4 Qxe3+ 17. Kh1 Ng4 18. Ne4 f5 19. Bd4 Qh6 20. Nf2 Bd6 21. Kg1 e5
22. Bc3 Ndf6 23. c5 Bc7 24. Rc1 Nxf2 25. Qxf2 e4 26. Qa2+ Kh8 27. Nd2 Ng4 28.
Nf1 Be6 29. Qb2 b6 30. dxe4 f4 31. h3 f3 32. Bxf3 Rxf3 33. hxg4 Bxg3 34. Rc2
Raf8 35. Bd4 bxc5 36. bxc5 Rxf1+ 37. Rxf1 Rxf1+ 38. Kxf1 Qh1+ 39. Bg1 Qh3+ 40.
Rg2 Bc4+ 0-1

[Event "19. Obert Int. Sant Marti 2017"]
[Site "Barcelona ESP"]
[Date "2017.07.17"]
[Round "5.36"]
[White "Garcia Espelta, Josep"]
[Black "Frayna, Janelle Mae"]
[Result "0-1"]
[WhiteElo "2052"]
[BlackElo "2235"]
[PlyCount "88"]
[EventDate "2017.07.13"]
[EventType "swiss"]
[EventRounds "9"]
[EventCountry "ESP"]
[SourceTitle "Ajedrez en Madrid"]
[Source "lmi"]
[SourceDate "2017.07.13"]
[SourceVersion "1"]
[SourceVersionDate "2019.06.21"]
[SourceQuality "1"]

1. e4 g6 2. d4 Bg7 3. Nc3 d6 4. Be3 a6 5. a4 Nd7 6. Qd2 h6 7. f3 e6 8. Nge2 Ne7
9. g4 b6 10. Ng3 Bb7 11. Bg2 d5 12. h4 c5 13. f4 Nf6 14. Qe2 Nxg4 15. Qxg4 cxd4
16. Nh5 gxh5 17. Qxg7 Rg8 18. Qxd4 Nc6 19. Qd2 d4 20. Bxd4 Qxd4 21. Rd1 O-O-O
22. Qxd4 Nxd4 23. Rd2 f5 24. Kf2 Rxg2+ 25. Kxg2 fxe4 26. Rxd4 Rxd4 27. Re1 Rd2+
28. Re2 e3+ 29. Kg3 Kd7 30. Rxd2+ exd2 31. Kf2 Ke7 32. Nd1 Be4 33. c3 Bc2 34.
Ke2 Bxa4 35. Kxd2 Bxd1 36. Kxd1 Kf6 37. Ke2 Kf5 38. Kf3 a5 39. c4 a4 40. Ke3
Kg4 41. Ke4 Kxh4 42. f5 exf5+ 43. Kf4 Kh3 44. Kf3 h4 0-1

[Event "19. Obert Int. Sant Marti 2017"]
[Site "Barcelona ESP"]
[Date "2017.07.17"]
[Round "5.37"]
[White "Rodriguez Vega, Blas"]
[Black "Pinero Fernandez, Xavier"]
[Result "0-1"]
[WhiteElo "2048"]
[BlackElo "2233"]
[PlyCount "58"]
[EventDate "2017.07.13"]
[EventType "swiss"]
[EventRounds "9"]
[EventCountry "ESP"]
[SourceTitle "Ajedrez en Madrid"]
[Source "lmi"]
[SourceDate "2017.07.13"]
[SourceVersion "1"]
[SourceVersionDate "2019.06.21"]
[SourceQuality "1"]

1. d4 e6 2. Bf4 d5 3. Nf3 Bd6 4. Bg3 f5 5. e3 Nf6 6. c4 c6 7. Nc3 Qe7 8. Ne5
Nbd7 9. Be2 O-O 10. f4 Bb4 11. O-O Bxc3 12. bxc3 Nxe5 13. fxe5 Ne4 14. Be1 b6
15. cxd5 cxd5 16. Qb3 Bb7 17. c4 Rfc8 18. Rc1 Qc7 19. Qa3 dxc4 20. Rxc4 Qxc4
21. Bxc4 Rxc4 22. Qe7 Bd5 23. g4 g6 24. gxf5 gxf5 25. h4 Rc2 26. h5 Kh8 27. Bf2
Rg8+ 28. Kh2 h6 29. Qh4 Nd2 0-1

[Event "19. Obert Int. Sant Marti 2017"]
[Site "Barcelona ESP"]
[Date "2017.07.17"]
[Round "5.38"]
[White "Rodriguez Alvarez, Vidal"]
[Black "Chernikov, Vladimir"]
[Result "1/2-1/2"]
[WhiteElo "2214"]
[BlackElo "2079"]
[PlyCount "60"]
[EventDate "2017.07.13"]
[EventType "swiss"]
[EventRounds "9"]
[EventCountry "ESP"]
[SourceTitle "Ajedrez en Madrid"]
[Source "lmi"]
[SourceDate "2017.07.13"]
[SourceVersion "1"]
[SourceVersionDate "2019.06.21"]
[SourceQuality "1"]

1. Nf3 d5 2. c4 e6 3. d4 c6 4. Qc2 f5 5. Bf4 Nf6 6. e3 Ne4 7. Nc3 Nd7 8. h3 Be7
9. Bd3 Ndf6 10. Ne5 Bd7 11. g4 g6 12. f3 Nd6 13. O-O-O dxc4 14. Nxc4 Nxc4 15.
Bxc4 b5 16. Bb3 a5 17. a4 Nd5 18. Nxd5 cxd5 19. Bc7 Qc8 20. gxf5 bxa4 21. Bxa4
Bd8 22. fxe6 Bxa4 23. Qxa4+ Ke7 24. Kb1 Qxc7 25. Rc1 Qb7 26. Rc3 Rc8 27. Rhc1
Bb6 28. Rc6 Rxc6 29. Rxc6 Rd8 30. Qa3+ Ke8 1/2-1/2

[Event "19. Obert Int. Sant Marti 2017"]
[Site "Barcelona ESP"]
[Date "2017.07.17"]
[Round "5.39"]
[White "Molano Lafuente, Ismael"]
[Black "Dardha, Daniel"]
[Result "1-0"]
[WhiteElo "2004"]
[BlackElo "2212"]
[PlyCount "193"]
[EventDate "2017.07.13"]
[EventType "swiss"]
[EventRounds "9"]
[EventCountry "ESP"]
[SourceTitle "Ajedrez en Madrid"]
[Source "lmi"]
[SourceDate "2017.07.13"]
[SourceVersion "1"]
[SourceVersionDate "2019.06.21"]
[SourceQuality "1"]

1. e4 c5 2. b3 Nc6 3. Bb2 d6 4. f4 e5 5. Qf3 a6 6. Bd3 Nf6 7. Ne2 Be7 8. O-O
O-O 9. h3 b5 10. c4 bxc4 11. Bxc4 Nd4 12. Bxd4 cxd4 13. d3 Bb7 14. fxe5 dxe5
15. Ng3 g6 16. Nd2 Ne8 17. Qg4 Bf6 18. Nf5 Bg7 19. Nxg7 Kxg7 20. Qg3 f6 21. Nf3
Qe7 22. Nh4 Kh8 23. Qxg6 Nd6 24. Qh6 Qg7 25. Qxg7+ Kxg7 26. Rf3 Nxc4 27. Nf5+
Kh8 28. bxc4 Rab8 29. Rb1 Ba8 30. Rff1 Kg8 31. Kf2 Kf7 32. Ke2 Ke6 33. Kd2 Bc6
34. Kc1 a5 35. Rf2 a4 36. Rfb2 Rxb2 37. Rxb2 Kd7 38. a3 Rg8 39. g4 Ra8 40. Kd1
Rg8 41. Ke1 Rf8 42. Kf2 Rg8 43. Rb6 Re8 44. Kg3 Kc7 45. Rb4 Ra8 46. Ng7 Kd7 47.
Nh5 Ke7 48. Kf3 Rf8 49. Ng3 Kd7 50. Nf5 Rg8 51. Rb2 Rh8 52. Kg3 h5 53. gxh5
Rxh5 54. Rb8 Rg5+ 55. Kf2 Rh5 56. h4 Kc7 57. Rf8 Bd7 58. Rf7 Kc8 59. Ne7+ Kd8
60. Nd5 Rxh4 61. Rxf6 Rh2+ 62. Ke1 Ra2 63. Ra6 Rxa3 64. Kd2 Ra2+ 65. Kc1 a3 66.
Ra8+ Bc8 67. Nb4 Ra1+ 68. Kd2 Rb1 69. Nc2 Kc7 70. Rxa3 Bg4 71. Ra1 Rb8 72. Rg1
Be6 73. Rg5 Kd6 74. c5+ Kxc5 75. Rxe5+ Kd6 76. Ra5 Rb2 77. Kc1 Rb3 78. Ra6+ Kc5
79. Rxe6 Rxd3 80. Rc6+ Kb5 81. Rc8 Kb6 82. Rc4 Rh3 83. Rxd4 Kc6 84. Kd2 Rg3 85.
Ne3 Rg5 86. Kd3 Ra5 87. Rd5 Ra3+ 88. Kd4 Ra8 89. Nc4 Ra1 90. Ke5 Re1 91. Nd6
Kc7 92. Rd2 Kd7 93. Nf5+ Ke8 94. Kf6 Rf1 95. e5 Rf4 96. e6 Re4 97. Ng7+ 1-0

[Event "19. Obert Int. Sant Marti 2017"]
[Site "Barcelona ESP"]
[Date "2017.07.17"]
[Round "5.40"]
[White "Sama Salinas, Hector"]
[Black "Guix Torres, David"]
[Result "1-0"]
[WhiteElo "2205"]
[BlackElo "2055"]
[PlyCount "71"]
[EventDate "2017.07.13"]
[EventType "swiss"]
[EventRounds "9"]
[EventCountry "ESP"]
[SourceTitle "Ajedrez en Madrid"]
[Source "lmi"]
[SourceDate "2017.07.13"]
[SourceVersion "1"]
[SourceVersionDate "2019.06.21"]
[SourceQuality "1"]

1. e4 c5 2. Nc3 Nc6 3. a3 g6 4. Bc4 Bg7 5. d3 e6 6. Ba2 Nge7 7. h4 h6 8. h5 g5
9. f4 gxf4 10. Bxf4 d6 11. Qd2 a6 12. Rb1 Qc7 13. Nge2 b5 14. b4 cxb4 15. axb4
Bb7 16. O-O Nxb4 17. Bb3 Qc5+ 18. d4 Qxh5 19. Bxd6 Nbc6 20. d5 Ne5 21. dxe6
fxe6 22. Bxe6 Rd8 23. Rbd1 Nc8 24. Bxc8 Bxc8 25. Nd5 Nc4 26. Nc7+ Kd7 27. Qb4
Bb7 28. Nf4 Qg4 29. Nfe6 Kc8 30. Qc5 Nxd6 31. Nxb5+ Kb8 32. Qa7+ Kc8 33. Qc5+
Kb8 34. Qc7+ Ka8 35. Nxd8 axb5 36. Ra1+ 1-0

[Event "19. Obert Int. Sant Marti 2017"]
[Site "Barcelona ESP"]
[Date "2017.07.17"]
[Round "5.41"]
[White "Aishwin, Daniel"]
[Black "Dalo, Hermes"]
[Result "1-0"]
[WhiteElo "2031"]
[BlackElo "2202"]
[PlyCount "91"]
[EventDate "2017.07.13"]
[EventType "swiss"]
[EventRounds "9"]
[EventCountry "ESP"]
[SourceTitle "Ajedrez en Madrid"]
[Source "lmi"]
[SourceDate "2017.07.13"]
[SourceVersion "1"]
[SourceVersionDate "2019.06.21"]
[SourceQuality "1"]

1. e4 e5 2. Nf3 Nc6 3. Bc4 Nf6 4. d3 Be7 5. O-O O-O 6. Re1 d6 7. c3 Na5 8. Bb5
a6 9. Ba4 b5 10. Bc2 c5 11. Nbd2 Nc6 12. Nf1 Re8 13. Ng3 h6 14. h3 Bf8 15. d4
Qc7 16. Be3 Ne7 17. Nh4 g6 18. d5 Bg7 19. Qd2 Kh7 20. f4 exf4 21. Bxf4 Nd7 22.
Nh5 Ng8 23. Nxg7 Kxg7 24. Re2 Ne5 25. Rf1 f6 26. Bg3 Qe7 27. Ref2 Bd7 28. Nf3
Rf8 29. Ne1 Rae8 30. Nd3 g5 31. Re1 a5 32. Bd1 c4 33. Nc1 Rb8 34. Bc2 Qe8 35.
Ne2 Ne7 36. Nd4 N7g6 37. Ref1 h5 38. Nf3 h4 39. Bxe5 dxe5 40. Nxg5 fxg5 41.
Rxf8 Nxf8 42. Qxg5+ Qg6 43. Qxe5+ Kh6 44. Rf6 Rb6 45. Rxg6+ Kxg6 46. Qe7 1-0

[Event "19. Obert Int. Sant Marti 2017"]
[Site "Barcelona ESP"]
[Date "2017.07.17"]
[Round "5.42"]
[White "Salagran Ferragut, Guillem"]
[Black "Sapale, Saloni"]
[Result "0-1"]
[WhiteElo "2201"]
[BlackElo "2049"]
[PlyCount "82"]
[EventDate "2017.07.13"]
[EventType "swiss"]
[EventRounds "9"]
[EventCountry "ESP"]
[SourceTitle "Ajedrez en Madrid"]
[Source "lmi"]
[SourceDate "2017.07.13"]
[SourceVersion "1"]
[SourceVersionDate "2019.06.21"]
[SourceQuality "1"]

1. e4 c5 2. Nf3 d6 3. d4 Nf6 4. Nc3 cxd4 5. Qxd4 Nc6 6. Bb5 Bd7 7. Bxc6 Bxc6 8.
Bg5 e6 9. Qd3 Be7 10. Nd4 Rc8 11. O-O-O a6 12. Kb1 O-O 13. f4 h6 14. h4 b5 15.
Nxc6 Rxc6 16. Ne2 Qc7 17. Bxf6 Bxf6 18. g4 Rc8 19. Rd2 b4 20. Qb3 Bc3 21. bxc3
bxc3 22. Rd4 Rb6 23. Rb4 Rxb4 24. Qxb4 Rb8 25. Qb3 Rxb3+ 26. axb3 Qc5 27. Rh3
Qf2 28. Nc1 Qe1 29. f5 Kf8 30. fxe6 fxe6 31. g5 h5 32. Rf3+ Ke8 33. g6 Qxe4 34.
Rxc3 Qxh4 35. Rc6 Ke7 36. Rxa6 Qe1 37. Kb2 Qe5+ 38. Ka2 h4 39. Nd3 Qg5 40. Nf2
Qxg6 41. Ra7+ Kf6 0-1

[Event "19. Obert Int. Sant Marti 2017"]
[Site "Barcelona ESP"]
[Date "2017.07.17"]
[Round "5.43"]
[White "Rojas Fernandez, Andres"]
[Black "Perales Galindo, Eduard"]
[Result "0-1"]
[WhiteElo "1997"]
[BlackElo "2185"]
[PlyCount "86"]
[EventDate "2017.07.13"]
[EventType "swiss"]
[EventRounds "9"]
[EventCountry "ESP"]
[SourceTitle "Ajedrez en Madrid"]
[Source "lmi"]
[SourceDate "2017.07.13"]
[SourceVersion "1"]
[SourceVersionDate "2019.06.21"]
[SourceQuality "1"]

1. e4 c5 2. Nc3 a6 3. a4 e6 4. g3 Nc6 5. Bg2 Nge7 6. d3 g6 7. Be3 d6 8. Nce2
Bg7 9. c3 O-O 10. f4 Rb8 11. d4 cxd4 12. Nxd4 e5 13. fxe5 Nxe5 14. Nge2 Nc4 15.
Bc1 Bg4 16. h3 Bd7 17. O-O Nc6 18. b3 N4e5 19. Be3 h5 20. Nf4 Ne7 21. Rc1 b5
22. axb5 axb5 23. Nd5 Nxd5 24. exd5 Qc8 25. Kh2 Kh7 26. Bg5 f6 27. Bf4 Ra8 28.
Bxe5 fxe5 29. Nc6 Ra2 30. Rxf8 Qxf8 31. Rc2 Rxc2 32. Qxc2 h4 33. Be4 hxg3+ 34.
Kg2 Qf6 35. c4 bxc4 36. bxc4 Bh6 37. c5 Kg7 38. Bxg6 dxc5 39. Be4 Be3 40. Bf3
Qh4 41. Bg4 Bxg4 42. hxg4 Qh2+ 43. Kf3 Qxc2 0-1

[Event "19. Obert Int. Sant Marti 2017"]
[Site "Barcelona ESP"]
[Date "2017.07.17"]
[Round "5.44"]
[White "Gardela Batlle, Jordi"]
[Black "Degraeve, Thomas"]
[Result "1-0"]
[WhiteElo "2151"]
[BlackElo "2008"]
[PlyCount "121"]
[EventDate "2017.07.13"]
[EventType "swiss"]
[EventRounds "9"]
[EventCountry "ESP"]
[SourceTitle "Ajedrez en Madrid"]
[Source "lmi"]
[SourceDate "2017.07.13"]
[SourceVersion "1"]
[SourceVersionDate "2019.06.21"]
[SourceQuality "1"]

1. Nf3 b6 2. c4 Bb7 3. Nc3 e6 4. Qc2 f5 5. d3 Nf6 6. e3 Bb4 7. Be2 Bxc3+ 8.
Qxc3 d6 9. Nd4 Qe7 10. Bf3 Bxf3 11. Nxf3 e5 12. O-O O-O 13. Bd2 Nbd7 14. Qc2 g6
15. b4 e4 16. Ne1 exd3 17. Nxd3 Ne4 18. Rfd1 g5 19. Be1 Ne5 20. a4 h5 21. a5 h4
22. h3 Rae8 23. axb6 axb6 24. Ra7 Rf7 25. b5 Qe6 26. Nxe5 Qxe5 27. Qd3 g4 28.
Qd5 gxh3 29. Qxe5 Rxe5 30. gxh3 Rc5 31. Rd4 Ng5 32. Kf1 Nf3 33. Rf4 Ne5 34.
Ra8+ Kg7 35. Bc3 Kg6 36. Rxh4 Re7 37. Rg8+ Kf7 38. Rh7+ Kxg8 39. Rxe7 Nxc4 40.
Bd4 Rxb5 41. Rxc7 Ne5 42. Rb7 Rb1+ 43. Kg2 b5 44. Kg3 Nd3 45. Rb6 Rg1+ 46. Kf3
Rh1 47. Rxb5 Rxh3+ 48. Ke2 Nc5 49. Bxc5 dxc5 50. Rxc5 Rh5 51. Rc7 Rh4 52. Kf3
Rg4 53. Rc5 Rg5 54. Kf4 Rg2 55. f3 Rh2 56. Rxf5 Kg7 57. Ra5 Kg6 58. Ra6+ Kf7
59. Kf5 Rh3 60. Ra7+ Ke8 61. Ke4 1-0

[Event "19. Obert Int. Sant Marti 2017"]
[Site "Barcelona ESP"]
[Date "2017.07.17"]
[Round "5.45"]
[White "Marchador Villalba, Jordi"]
[Black "Asensio Linan, Teodoro"]
[Result "0-1"]
[WhiteElo "1980"]
[BlackElo "2126"]
[PlyCount "84"]
[EventDate "2017.07.13"]
[EventType "swiss"]
[EventRounds "9"]
[EventCountry "ESP"]
[SourceTitle "Ajedrez en Madrid"]
[Source "lmi"]
[SourceDate "2017.07.13"]
[SourceVersion "1"]
[SourceVersionDate "2019.06.21"]
[SourceQuality "1"]

1. d4 d5 2. Nf3 Nf6 3. Bf4 c5 4. e3 Nc6 5. c3 Qb6 6. Qb3 c4 7. Qxb6 axb6 8. Be2
b5 9. O-O Bf5 10. Nbd2 b4 11. Ne5 e6 12. g4 Nxe5 13. gxf5 Nc6 14. fxe6 fxe6 15.
Bf3 Be7 16. e4 O-O 17. Bg3 Ra6 18. exd5 exd5 19. Bh4 Rd8 20. Rfe1 Kf7 21. Bg2
Nh5 22. Bxe7 Nxe7 23. Nf3 bxc3 24. bxc3 Nf4 25. Ne5+ Kg8 26. Bf1 Nf5 27. Reb1
Nd6 28. f3 Ra3 29. Rc1 Re8 30. Rc2 g6 31. Rb1 b5 32. Kf2 Kg7 33. Ke3 g5 34. Kf2
Rea8 35. Rbb2 R8a4 36. Nc6 Nd3+ 37. Bxd3 cxd3 38. Rc1 Rxa2 39. Rxa2 Rxa2+ 40.
Kg3 Nf5+ 41. Kh3 Ne3 42. Nb4 Rf2 0-1

[Event "19. Obert Int. Sant Marti 2017"]
[Site "Barcelona ESP"]
[Date "2017.07.17"]
[Round "5.46"]
[White "Garcia Gil, Javier"]
[Black "Sumit, Kumar"]
[Result "0-1"]
[WhiteElo "2116"]
[BlackElo "1975"]
[PlyCount "66"]
[EventDate "2017.07.13"]
[EventType "swiss"]
[EventRounds "9"]
[EventCountry "ESP"]
[SourceTitle "Ajedrez en Madrid"]
[Source "lmi"]
[SourceDate "2017.07.13"]
[SourceVersion "1"]
[SourceVersionDate "2019.06.21"]
[SourceQuality "1"]

1. d4 d5 2. c4 c6 3. Nf3 Nf6 4. Nbd2 g6 5. e3 Bg7 6. Bd3 O-O 7. O-O Nbd7 8. b4
e5 9. cxd5 Nxd5 10. Qb3 exd4 11. exd4 a5 12. Ba3 axb4 13. Bxb4 Nxb4 14. Qxb4 c5
15. Qb2 cxd4 16. Nb3 Ne5 17. Nxe5 Bxe5 18. f4 Bg7 19. Rae1 Re8 20. Nc5 b6 21.
Qb5 Bg4 22. Nb7 Qd7 23. Qxb6 Reb8 24. Bb5 Qxb7 25. Re8+ Bf8 26. Qxb7 Rxb7 27.
Rxa8 Rxb5 28. Re1 Kg7 29. h3 Be6 30. Rc1 Bd6 31. a4 Rb2 32. Ra5 Bxf4 33. Ra1
Be3+ 0-1

[Event "19. Obert Int. Sant Marti 2017"]
[Site "Barcelona ESP"]
[Date "2017.07.17"]
[Round "5.47"]
[White "Dougas Chavarria, Nestor"]
[Black "Ruperez, Miguel"]
[Result "1-0"]
[WhiteElo "1871"]
[BlackElo "2103"]
[PlyCount "83"]
[EventDate "2017.07.13"]
[EventType "swiss"]
[EventRounds "9"]
[EventCountry "ESP"]
[SourceTitle "Ajedrez en Madrid"]
[Source "lmi"]
[SourceDate "2017.07.13"]
[SourceVersion "1"]
[SourceVersionDate "2019.06.21"]
[SourceQuality "1"]

1. g3 c5 2. c4 Nc6 3. Bg2 g6 4. Nc3 Bg7 5. a3 d6 6. e3 Bf5 7. d3 Nf6 8. Nge2
O-O 9. O-O Qd7 10. Rb1 Bh3 11. e4 Bxg2 12. Kxg2 Ne8 13. b4 b6 14. b5 Nd4 15.
Nxd4 cxd4 16. Ne2 Nc7 17. Bb2 e5 18. Qb3 Ne6 19. a4 Nc5 20. Qc2 f5 21. f3 Bh6
22. a5 Rf7 23. Ba3 fxe4 24. fxe4 Raf8 25. Ng1 Rxf1 26. Rxf1 Rxf1 27. Kxf1 Qf7+
28. Kg2 Be3 29. Nf3 Qf6 30. axb6 axb6 31. Bxc5 dxc5 32. Qa2 Kg7 33. Qa7+ Kh6
34. Qc7 Qf8 35. Qxb6 Kh5 36. Qe6 Kh6 37. b6 Qa8 38. Qxe5 Qa2+ 39. Kh3 Qb1 40.
Qf6 Qf1+ 41. Kg4 Bg1 42. Qf8# 1-0

[Event "19. Obert Int. Sant Marti 2017"]
[Site "Barcelona ESP"]
[Date "2017.07.17"]
[Round "5.48"]
[White "Mateus, Alejandro"]
[Black "Hernandez Requena, Francesc"]
[Result "1-0"]
[WhiteElo "2240"]
[BlackElo "1807"]
[PlyCount "69"]
[EventDate "2017.07.13"]
[EventType "swiss"]
[EventRounds "9"]
[EventCountry "ESP"]
[SourceTitle "Ajedrez en Madrid"]
[Source "lmi"]
[SourceDate "2017.07.13"]
[SourceVersion "1"]
[SourceVersionDate "2019.06.21"]
[SourceQuality "1"]

1. e4 c6 2. d4 d5 3. Nc3 dxe4 4. Nxe4 Nf6 5. Nxf6+ exf6 6. Be3 Be7 7. Bd3 Be6
8. Ne2 Qd7 9. Ng3 Na6 10. a3 b5 11. b3 O-O 12. O-O Nc7 13. c4 bxc4 14. bxc4
Rfd8 15. Qc2 g6 16. Rfd1 f5 17. Ne2 Bf6 18. Rab1 Ne8 19. d5 cxd5 20. c5 Qc8 21.
Nd4 Be5 22. f4 Bg7 23. h3 Bf8 24. Rdc1 Nc7 25. Qa4 Rb8 26. c6 Rxb1 27. Bxb1 Bd6
28. Bd3 a6 29. Kh1 Qa8 30. Bd2 Rb8 31. Bc3 Qa7 32. Re1 Bc5 33. Ba1 Bd6 34. Qc2
Bxf4 35. Qc3 1-0

[Event "19. Obert Int. Sant Marti 2017"]
[Site "Barcelona ESP"]
[Date "2017.07.17"]
[Round "5.49"]
[White "David, Bogdan-Emanuel"]
[Black "Serarols Mabras, Bernat"]
[Result "1-0"]
[WhiteElo "2062"]
[BlackElo "2308"]
[PlyCount "65"]
[EventDate "2017.07.13"]
[EventType "swiss"]
[EventRounds "9"]
[EventCountry "ESP"]
[SourceTitle "Ajedrez en Madrid"]
[Source "lmi"]
[SourceDate "2017.07.13"]
[SourceVersion "1"]
[SourceVersionDate "2019.06.21"]
[SourceQuality "1"]

1. e4 c5 2. Nc3 Nc6 3. Bb5 Nd4 4. Nf3 a6 5. Bd3 g6 6. O-O Bg7 7. Nxd4 cxd4 8.
Ne2 d5 9. exd5 Qxd5 10. b3 Nh6 11. Ba3 Qa5 12. Bb2 Qd8 13. Ng3 O-O 14. f4 e6
15. Qf3 Rb8 16. a4 f5 17. h3 Nf7 18. Ne2 g5 19. fxg5 Nxg5 20. Qg3 e5 21. h4 Ne4
22. Bxe4 fxe4 23. Rxf8+ Qxf8 24. Bxd4 exd4 25. Qxb8 d3 26. Nc3 Qc5+ 27. Kh1 e3
28. Ne4 Qxc2 29. Nc3 Bxc3 30. Qxc8+ Kg7 31. Qd7+ Kg6 32. Rf1 e2 33. Qg4+ 1-0